01257cam a22003974i 4500003000900000005001700009008004100026020001500067035002700082040003300109082001900142110002500161245008600186264005200272300005500324336002100379337002500400338002300425490003400448505020900482526001000691526001000701526000900711526000900720526000900729526000900738526000900747526000900756526000900765526000800774526000800782526000800790526000800798526000800806651004500814PE-LiUPU20250731165650.0150616s r 000 0 d a0521256038 a(Sirsi) i9780521256032 aPE-LiUPUbspacPE-LiUPUerda04a909.008bC2212 aCambridge University14aThe Last Age of the Roman Republic, 146-43 B.C.n9 /cCambridge University Press. 1aCambridge :bCambridge University Press,c1994. a929 páginas :bilustraciones ;c24 centímetros atext2rdacontent aunmediated2rdamedia avolume2rdacarrier0 aThe Cambridge Ancient History0 aThe crisis of the republic: sources and source-problems.- The roman empire and its problems in the late second century.- Political history, 146-95 BC.- Rome and Italy: the social war.- Mithridates.- Etc.. aSEG44 aSEG26 aP151 aP150 aP149 aP146 aP145 aP126 aP125 aP92 aP75 aP74 aP27 aP15 4aRomaxHistoriayRepública, 265-30 a.C.